MARC

LEADER 00000nam0a2200000 4500
001 673998
005 20240808125600.0
090 |a 673998 
100 |a 20240808d1979 m||y0rusy50 ca 
101 0 |a rus 
102 |a RU 
105 |a a z 001yy 
181 0 |a i   |b  e  
182 0 |a n 
183 0 |a nc  |2 RDAcarrier 
200 1 |a Очерки изобразительного искусства средневековой Армении  |f Лидия Александровна Дурново 
203 |a Текст  |a Изображение  |b визуальный  |c непосредственный 
210 |a Москва  |c Искусство  |d 1979 
215 |a 332 с.  |c ил. 
283 |a volume  |2 RDAcarrier 
320 |a Список иллюстраций: с. 326-331  
606 1 |a Изобразительное искусство  |9 39102 
610 1 |a Армения 
610 1 |a средние века 
610 1 |a скульптура 
610 1 |a стенная живопись 
610 1 |a книжная живопись 
610 1 |a очерки 
675 |a 7  |v 4 
700 1 |a Дурново  |b Л. А.  |g Лидия Александровна 
801 0 |a RU  |b 63413507  |c 20240808 
830 |a Ретро2024Каталогизация Шило 
850 |a 63413507 
942 |c BK